[Event "6th Vardaris Open 2020"]
[Site "Thessaloniki"]
[Date "2020.03.01"]
[Round "6.3"]
[White "Trimitzios, Petros"]
[Black "Marin, Mihail"]
[Result "1-0"]
[WhiteElo "2353"]
[BlackElo "2502"]
[Annotator "TA"]
[PlyCount "117"]
[EventDate "2020.02.27"]
[EventType "swiss"]
[EventCountry "GRE"]
[SourceTitle "playchess.com"]
[Source "ChessBase"]
[SourceQuality "1"]

{[%evp 18,117,35,17,22,-1,4,-12,-4,-34,0,0,0,0,32,13,10,0,18,-27,0,-40,-26,-38,-42,-81,-83,-96,-35,-54,-39,-43,-55,-150,-139,-146,-130,-135,-120,-128,-114,-182,-150,-246,-75,-417,-420,-404,-406,-974,-707,-663,-472,-429,0,-505,-186,-172,-165,-150,-135,-249,-109,-116,-31,-90,-86,-106,0,0,0,0,0,0,0,-175,-172,-348,-325,-588,-585,-793,-829,-773,-709,-620,-84,-160,1247,993,945,818,29979,29980,29979,29980,29990,29979,29994,29969,29995,29994]} 1. d4 d6 2. e4 Nf6 3. Nc3 g6 4. Be2 Bg7 5. Be3 O-O 6. h3 Nbd7 7. Nf3 e5 8. dxe5 dxe5 9. O-O c6 10. a4 Qe7 {[#] B08: Pirc Defence: Classical System.} 11. Bd3 $146 ({Predecessor:} 11. Qb1 Nc5 12. Nd2 Ne6 13. b4 Nd4 14. Bd1 a5 15. bxa5 Rd8 16. Re1 Rxa5 17. Ne2 Nh5 18. c3 {0-1 (40) Boensch,U (2530)-Bologan,V (2656) Germany 2012}) 11... Nc5 12. Qe2 Nh5 {The position is equal.} 13. Bc4 Ne6 14. Rfd1 Nhf4 15. Qf1 Kh8 16. Ne2 Nh5 17. Bxe6 Bxe6 18. g4 Nf6 $36 {[%mdl 2048] Black has the initiative.} (18... Nf4 $5) 19. Nc3 Ne8 20. Ng5 Nc7 21. Nxe6 Nxe6 22. Qc4 f5 (22... Rae8 $17 23. a5 (23. Bxa7 f5 $15) 23... Qh4) 23. exf5 $1 $15 gxf5 24. gxf5 Nd4 25. Bxd4 (25. Ne4 $15) 25... exd4 26. Ne2 Rxf5 27. Ng3 Rf4 28. Qe2 Qf7 29. Rf1 (29. Rd2 $17) 29... Rf8 $19 30. Rae1 {[#]} (30. Ra3 $17) 30... c5 $2 (30... d3 $1 $19 {[%cal Rd3e2][%mdl 512]} 31. Qxd3 (31. cxd3 Bd4) 31... Bd4) 31. b3 $2 {[%mdl 8192] [#]} (31. Qe6 $17 {is a better chance.}) 31... d3 $1 {[%cal Rd3e2][%mdl 512]} 32. cxd3 Bd4 33. Ne4 (33. Kh2 $142) 33... Rf3 {( -> ...Rg8+)} 34. Kg2 Qg7+ 35. Ng3 Qf7 $2 ({Don't take} 35... Rxf2+ 36. Rxf2 Bxf2 37. Qe5 $19) (35... Qf6 $19 {[%cal Rd4f2]} 36. Qe4 Rf4) 36. Rd1 $2 {[%mdl 8192]} (36. Ne4 $1 $11 {and White stays safe.} Qf4 37. Ng3 Bxf2 {[%mdl 64] Double Attack} 38. Qe5+ Qxe5 39. Rxe5 Rxg3+ 40. Kh2) 36... Qxb3 $2 (36... Qf4 {[%cal Rd4f2]} 37. Kh1 Bxf2 38. Rxf2 Rxf2) 37. Qxf3 Rxf3 38. Kxf3 Qxa4 {And now ...Qc6+ would win.} 39. Rfe1 (39. Rde1 $17 {is a better defense.}) 39... Qc6+ (39... a5 $19 {and Black stays clearly on top.} 40. Rd2 Qc6+ 41. Re4 a4) 40. Re4 $17 a5 (40... Qf6+ $1 $17 41. Rf4 Qe6 42. Rf8+ Kg7) 41. Rde1 $1 $15 a4 42. Nf5 {aiming for Kg3.} h5 (42... h6 $17 {...Bf6 is the strong threat.} 43. Nxd4 cxd4) 43. Kf4 $11 Bf6 $1 44. Re6 Qc7+ 45. Nd6 Qg7 {Strongly threatening ...Qg5+.} 46. Re8+ $2 (46. Kf3 $11 {and White has nothing to worry.} Qg6 47. Ke2) 46... Kh7 $19 47. Ne4 $2 (47. R1e6) 47... a3 {White must now prevent ...a2.} 48. Re6 $2 (48. Ra8 Be5+ 49. Kf3) 48... Bd8 49. Re2 Qf7+ 50. Ke5 Qf3 51. Rd2 a2 $2 (51... Bc7+ $19 {is more deadly.} 52. Nd6 Qf7) 52. Rxa2 $17 Qxd3 $2 {[#]} (52... Bc7+ $17 53. Nd6 Qxd3 54. Re7+ Kg6 $1 {[%mdl 512]} 55. Rxc7 Qc3+ 56. Ke6 Qb3+ {[%mdl 64] Double Attack} 57. Ke5 Qxa2) 53. Rd2 $1 $18 {[%cal Rd2d3][%mdl 512]} Bc7+ {[#]} 54. Kf6 $1 {[%mdl 512]} Bd8+ {[#]} 55. Kf7 $1 {[%mdl 512] White mates.} Qf3+ {[#]} 56. Ke8 $1 {[%mdl 512]} Qxh3 57. Kxd8 Qh4+ 58. Re7+ Kh8 59. Rd6 {Both players deserved the win here. Accuracy: White = 53%, Black = 53%.} 1-0

[Event "6th Vardaris Open 2020"]
[Site "Thessaloniki"]
[Date "2020.03.01"]
[Round "6.4"]
[White "Stanojoski, Zvonko"]
[Black "Gouloutis, Nikolaos"]
[Result "1/2-1/2"]
[WhiteElo "2435"]
[BlackElo "2347"]
[Annotator "TA"]
[PlyCount "66"]
[EventDate "2020.02.27"]
[EventType "swiss"]
[EventCountry "GRE"]
[SourceTitle "playchess.com"]
[Source "ChessBase"]
[SourceQuality "1"]

{[%evp 25,66,0,0,0,10,0,35,45,25,-25,-7,-40,0,-8,0,0,0,0,-8,-22,-24,-17,0,0,0,0,27,0,20,-27,-57,-43,-28,-72,-18,-18,-9,-30,0,-24,0,-21,0]} 1. e4 c6 2. d4 d5 3. Nc3 dxe4 4. Nxe4 Bf5 5. Ng3 Bg6 6. h4 h6 7. Nf3 Nd7 8. h5 Bh7 9. Bd3 Bxd3 10. Qxd3 e6 11. Bd2 Ngf6 12. O-O-O Be7 13. Qe2 O-O 14. Nf1 {B19: Classical Caro-Kann: 4...Bf5 main line.} Nb6 15. c4 Qc7 {[#]} 16. g4 $1 {[%mdl 512] [#] White is slightly better.} Nh7 $146 (16... Nxg4 17. Rg1) ({Predecessor:} 16... c5 17. g5 hxg5 18. Bxg5 cxd4 19. Rxd4 Rfd8 20. Rdh4 Rac8 21. N1d2 Nbd7 22. Rg1 Nc5 {1-0 (30) Rasmussen,A (2538)-Rasmussen,K (2451) Denmark 2010}) 17. Rg1 c5 {With the idea ...cxd4.} 18. g5 Nxg5 (18... hxg5 {feels hotter.} 19. Nxg5 cxd4 20. b3 Rad8 21. Nxh7 Kxh7 22. Kb1 d3) 19. Nxg5 Bxg5 20. Bxg5 hxg5 21. Rxg5 Nxc4 {Hoping for ...Qf4+.} 22. Rxc5 Qf4+ 23. Kb1 Nb6 24. Re5 Rfd8 25. Re4 $1 {[%cal Re4f4]} Qf5 (25... Qh6 {is more complex.} 26. Ne3 Qh7 27. Qf3 Rd5 28. h6 Rh5) 26. Ng3 Qh7 27. a3 (27. h6 $5 {[%cal Rh6g7]}) 27... Nd5 28. Ka2 Qh6 29. Rh4 {[#]} Rac8 (29... b5 $1 $17 {[%mdl 512]}) 30. Ne4 $11 Ne7 31. Nc3 Nd5 {Strongly threatening ...Rxc3.} 32. Ne4 Ne7 33. Nc3 Nd5 {Accuracy: White = 84%, Black = 77%.} 1/2-1/2

[Event "6th Vardaris Open 2020"]
[Site "Thessaloniki"]
[Date "2020.03.01"]
[Round "6.5"]
[White "Tsaknakis, Zisis"]
[Black "Vestby-Ellingsen, Mads"]
[Result "1/2-1/2"]
[WhiteElo "2197"]
[BlackElo "2357"]
[Annotator "TA"]
[PlyCount "57"]
[EventDate "2020.02.27"]
[EventType "swiss"]
[EventCountry "GRE"]
[SourceTitle "playchess.com"]
[Source "ChessBase"]
[SourceQuality "1"]

{[%evp 16,57,3,-1,-2,-29,0,-7,0,0,-5,-6,4,-4,-12,-19,12,10,64,64,76,57,63,67,78,64,65,62,102,54,54,54,54,54,90,55,60,54,57,54,64,54,48,16]} 1. Nf3 c5 2. g3 Nc6 3. Bg2 g6 4. O-O Bg7 5. d3 d6 6. c4 e6 7. Nc3 Nge7 8. Rb1 O-O 9. Bd2 b6 {A37: Symmetrical English vs ...g6: 4 Bg2 Bg7 5 Nf3.} 10. Qc1 Re8 11. a3 Bb7 {The position is equal.} 12. b4 Qd7 {[#]} 13. e4 $146 ({Predecessor:} 13. b5 Nd4 14. Nxd4 Bxg2 15. Kxg2 cxd4 16. Na2 d5 17. c5 bxc5 18. Qxc5 Nf5 19. Qc6 {0-1 (31) Morkore,R (1379)-Kistrup,N (2115) Heinola 2018}) 13... Rac8 14. Bh6 Bh8 15. Qd2 Ne5 16. Nxe5 dxe5 ({Black should play} 16... Bxe5 $11 17. Nb5 Nc6) 17. Be3 $14 cxb4 18. axb4 {[%cal Ba3b4,Bb4b5][%mdl 32]} Nc6 19. b5 Nd4 20. Ne2 Nxe2+ 21. Qxe2 Red8 22. Rb3 Rc7 23. Ra1 Bc8 $1 24. Rba3 {aiming for Qa2.} Re8 25. Qa2 {[%cal Ra3a7]} Re7 $1 {White is slightly better.} 26. Qb2 Bg7 27. R1a2 f6 28. Bf1 Rf7 29. f3 {Accuracy: White = 78%, Black = 78%.} 1/2-1/2

[Event "6th Vardaris Open 2020"]
[Site "Thessaloniki"]
[Date "2020.03.01"]
[Round "6.6"]
[White "Santiago, Yago De Moura"]
[Black "Vardakas, Grigorios"]
[Result "1-0"]
[WhiteElo "2488"]
[BlackElo "2115"]
[Annotator "TA"]
[PlyCount "91"]
[EventDate "2020.02.27"]
[EventType "swiss"]
[EventCountry "GRE"]
[SourceTitle "playchess.com"]
[Source "ChessBase"]
[SourceQuality "1"]

{[%evp 22,91,37,32,24,40,77,12,104,102,147,74,90,80,80,89,89,93,86,79,85,83,69,78,83,84,85,85,70,57,81,68,75,67,71,56,72,70,140,152,141,146,141,141,137,130,167,149,255,255,236,240,214,146,146,146,146,146,325,137,204,191,675,670,649,615,703,577,564,543,488,456]} 1. d4 Nf6 2. c4 e6 3. Nf3 Bb4+ 4. Nbd2 b6 5. a3 Bxd2+ 6. Qxd2 Bb7 7. e3 O-O 8. b4 Ne4 9. Qc2 f5 10. Be2 d6 11. O-O Nd7 12. Bb2 Rf6 {E14: Queen's Indian: Classical Variation (4 e3).} 13. d5 Rg6 {[#]} 14. Rfd1 {[#]} (14. Nd4 $1 $16) 14... Ndf6 $146 (14... c5 $11) ({Predecessor:} 14... e5 15. Bd3 c6 16. Bxe4 fxe4 17. Qxe4 cxd5 18. cxd5 Nf6 19. Qc4 Qd7 20. Ne1 Rc8 {1-0 (65) Kunin,V (2568)-Schuh,D (2367) Werther 2015}) 15. Nd4 $16 ({Much worse is} 15. dxe6 Ng4 $11) 15... exd5 16. Nxf5 ({White should play} 16. f3) 16... Qd7 17. Ng3 Nxg3 18. hxg3 dxc4 19. Bxc4+ Kh8 20. Bd3 Rg5 21. Rac1 c5 22. Bxf6 gxf6 23. Be4 Bxe4 24. Qxe4 Rd8 25. Rd5 Rxd5 26. Qxd5 $14 {[%mdl 4096] Endgame KQR-KQR} Qe7 27. Rd1 Kg7 28. bxc5 bxc5 29. Rb1 Kf8 (29... Rd7 $14) 30. a4 $16 {[%cal Ba3a4,Ba4a5,Ba5a6][%mdl 32]} Qf7 31. Qc6 Qd7 32. Qf3 {Hoping for Rb7.} Qe6 33. a5 c4 34. Qf4 Rd7 (34... Re8 $16 {is a better defense.} 35. Qd4 (35. Qh6+ Kg8 $14) 35... Re7) 35. Qh6+ $18 Ke7 36. Qxh7+ Qf7 37. Qh4 Rc7 38. a6 $36 {[%mdl 2048] White is on the roll.} c3 39. Rb7 Kd7 $2 {Loses the game.} (39... Ke8 $16) 40. Qg4+ (40. Qd4 $18 Kd8 {[#]} 41. Qxc3 $1 {[%mdl 512]} (41. Qxd6+ Kc8 $18) 41... Rxb7 42. axb7 Qxb7 43. Qxf6+ {[%mdl 64] Double Attack} Kd7 44. Qg7+ Kc8 45. Qxb7+ Kxb7 46. Kf1) 40... f5 (40... Kd8 $16 {was worth a try.}) 41. Qb4 {White wants to mate with Rxc7+.} Kc8 $2 {[#]} (41... Qd5) 42. Qxc3 $1 {[%mdl 512] White is clearly winning.} Rxc3 43. Rxf7 Kb8 44. Rb7+ Ka8 45. Rd7 {Rd8+ would kill now.} Kb8 46. Rxd6 {Accuracy: White = 77%, Black = 54%.} 1-0

[Event "6th Vardaris Open 2020"]
[Site "Thessaloniki"]
[Date "2020.03.01"]
[Round "6.7"]
[White "Nesteretz, Anatoliy"]
[Black "Deligiannis, Paraskevas"]
[Result "1-0"]
[WhiteElo "2385"]
[BlackElo "2038"]
[Annotator "TA"]
[PlyCount "56"]
[EventDate "2020.02.27"]
[EventType "swiss"]
[EventCountry "GRE"]
[SourceTitle "playchess.com"]
[Source "ChessBase"]
[SourceQuality "1"]

{[%evp 10,56,-15,-15,11,1,4,-7,-8,-16,35,35,27,35,33,25,14,22,42,0,2,0,0,-6,-10,-13,-25,-18,-24,-39,-26,-23,-43,-48,0,-51,-64,-67,-60,-85,0,0,134,149,133,134,1404,1097,29999]} 1. d4 Nf6 2. c4 e6 3. Nc3 Bb4 4. f3 O-O 5. a3 Bxc3+ 6. bxc3 Nh5 {E27: Nimzo-Indian: Sämisch: 5...0-0 6 f3.} 7. Nh3 f5 8. Bg5 {8.e4 is more advanced technology.} Qe8 {The position is equal.} 9. g4 fxg4 (9... Nf6 $11) 10. fxg4 $14 Nf6 $1 11. Bxf6 $1 Rxf6 12. Bg2 d6 13. Qd3 Nc6 {[%cal Bb8c6,Bc6a5,Ba5c4][%mdl 32] [#]} 14. Ng5 $146 ({Predecessor:} 14. Be4 g6 15. g5 Rf8 16. Nf2 e5 17. h4 Kg7 18. h5 Qf7 19. Qg3 gxh5 20. Bd5 {0-1 (38) Ivanchuk,V (2726)-Zubarev,A (2588) Lvov 2014}) 14... Qg6 15. Qe3 Na5 16. Be4 $1 $132 {[%cal Re4g6][%mdl 2048] White puts up resistance} Nxc4 17. Qc1 Qh6 18. h4 Bd7 19. Bxh7+ Kh8 $1 {aiming for ...Raf8.} 20. Bd3 Bc6 21. e4 b5 {[#]} 22. Bxc4 (22. a4 $1 $11 {[%mdl 512]}) 22... bxc4 $15 23. Qe3 Raf8 {Strongly threatening ...Rf3!} 24. Ke2 Rf4 ({Better is} 24... e5 $17 {Threatens to win with ...Bd7.} 25. dxe5 dxe5) 25. Raf1 Rxf1 (25... R4f6 $1 $11 {keeps the balance.}) 26. Rxf1 $16 Rxf1 27. Kxf1 {Black must now prevent Nf7+.} Qxh4 $2 {[%mdl 8192] [#]} (27... Kg8 $16) 28. Qf4 $1 $18 {[%cal Rf4f8]} e5 {Accuracy: White = 89%, Black = 58%.} 1-0

[Event "6th Vardaris Open 2020"]
[Site "Thessaloniki"]
[Date "2020.03.01"]
[Round "6.8"]
[White "Tsironis, Alexandros"]
[Black "Giannoulakis, Lampros"]
[Result "0-1"]
[WhiteElo "1962"]
[BlackElo "2266"]
[Annotator "TA"]
[PlyCount "134"]
[EventDate "2020.02.27"]
[EventType "swiss"]
[EventCountry "GRE"]
[SourceTitle "playchess.com"]
[Source "ChessBase"]
[SourceQuality "1"]

{[%evp 22,134,0,0,0,0,0,0,0,0,0,-38,-24,-44,-41,-171,-43,-133,-82,-178,-167,-168,-163,-222,-171,-182,-170,-163,-180,-182,-149,-179,-178,-175,-175,-236,-244,-371,-317,-311,-311,-332,-328,-723,-712,-698,-707,-656,-637,-620,-197,-184,-162,-174,-63,-219,-219,-208,-217,-202,-186,-237,-225,-282,-250,-273,-280,-509,-509,-502,-502,-474,-461,-487,-429,-1092,-1158,-2650,-842,-2650,-2650,-1461,-1222,-1118,-1012,-471,-277,-277,-8,-8,0,0,0,0,0,0,0,-29972,-29974,-29973,-29975,-29976,-29977,-29976,-29978,-29977,-29977,-29977,-29978,-29984,-29984,-29989,-29990,-29997,-29992]} 1. e4 e5 2. d4 exd4 3. Bc4 Nc6 4. Nf3 Nf6 5. e5 d5 6. Bb5 Ne4 7. Nxd4 Bd7 8. Bxc6 bxc6 9. O-O Bc5 10. f3 Ng5 11. f4 {11.Be3 gains popularity.} Ne4 12. Be3 Qb8 {C56: Two Knights: 4 d4 exd4 5 0-0 Nxe4.} 13. Nc3 Qxb2 14. Nxe4 dxe4 {The position is equal.} 15. Qd2 Rd8 16. Nb3 {[#]} Bf5 $146 (16... Be6 {keeps more tension.} 17. Qf2 Bb6 18. Rfe1 O-O 19. Nc5 Bf5) ({Predecessor:} 16... Be6 17. Qe1 Bb6 18. Bxb6 axb6 19. Rf2 e3 20. Re2 O-O 21. c3 Qa3 22. Rxe3 c5 {0-1 (52) Gustain,M (2064)-Auburger,K (2189) GER email 2010}) 17. Qf2 Bb6 $36 {[%mdl 2048] Black has some pressure.} 18. g4 (18. Rfe1 $15) 18... Bc8 (18... Bxg4 $19 {aiming for ...Qc3.} 19. c4 Bxe3 20. Qxe3 Bf3) 19. Rfe1 (19. c4 $1 $15 Qxf2+ 20. Kxf2 Bxe3+ 21. Kxe3) 19... O-O ({Black should try} 19... Bxg4 20. c4 Bxe3 21. Rxe3 Qxf2+ 22. Kxf2 Bf5) 20. Nc5 (20. g5 $17 {was worth a try.}) 20... Bxg4 $19 21. Nxe4 Bf5 22. Reb1 (22. Ng3 $142 Qxc2 23. Rac1 Qxf2+ 24. Bxf2) 22... Bxe3 23. Rxb2 Bxf2+ 24. Nxf2 Rd4 25. Nd3 Rfd8 ({Don't take} 25... Bxd3 26. cxd3 Rxf4 27. Rc1 $17) 26. Rb7 a5 {[%cal Ba7a5,Ba5a4][%mdl 32]} 27. Rxc7 Rc4 28. Ne1 (28. Ra7 $142) 28... h6 29. Ra7 (29. Ng2 {is a better defense.}) 29... a4 30. Ng2 Bh3 31. Ne3 Rxf4 32. c4 $2 {[#]} (32. Re1) 32... Rd3 33. Nf1 h5 34. Rxa4 Rdf3 {[%cal Rf3f1]} 35. Nd2 Rf2 $2 (35... Rg4+ 36. Kh1 Rd3) 36. Ra3 Be6 ({Resist} 36... Rxd2 37. Rxh3 Rg4+ 38. Kh1 $17) 37. Ne4 Re2 (37... Rc2 $19 38. Ng5 Rg4+ 39. Rg3 Bxc4 40. Rxg4 hxg4) 38. Ra8+ $2 (38. Ng5 $1 $15 g6 39. Nxe6 fxe6 40. Rg3) 38... Kh7 39. Ng5+ Kg6 40. Nxe6 fxe6 {[%mdl 4096] Endgame KRR-KRR} 41. Rf1 (41. a4 {might work better.}) 41... Rxc4 42. Ra3 Rxe5 43. Rg3+ Rg5 44. Ra1 $2 (44. Rxg5+ Kxg5 45. a3) 44... Rxg3+ 45. hxg3 {Now a4 and White clings on. KR-KR} Ra4 46. Kg2 Ra3 47. Kh3 Kg5 48. Re1 (48. Rc1 $142 e5 49. Rc4) 48... h4 49. Rxe6 Rxg3+ 50. Kh2 Ra3 51. Re5+ Kf4 52. Rc5 Rxa2+ 53. Kh3 Re2 (53... Ra1 $142 54. Rc4+ Ke5 55. Kxh4 Kd5) 54. Rxc6 {intending Rg6.} Re3+ $2 (54... g5 $19 {( -> ...g4+)} 55. Rf6+ Ke4 56. Re6+ Kd3) 55. Kxh4 $11 g5+ 56. Kh5 Rh3+ 57. Kg6 g4 58. Rc4+ Kf3 59. Kg5 $2 {[%mdl 8192]} (59. Rc3+ $11 Ke2 60. Rc2+ Kf3 61. Rc3+ Kf2 62. Rc2+ Kg3 63. Kg5) 59... g3 {Black mates.} 60. Rc3+ {[#]} Kg2 $1 {[%cal Rg2h2]} 61. Kg4 Kh2 62. Rb3 Rh8 63. Kf3 Rf8+ 64. Kg4 Rg8+ 65. Kh4 g2 66. Rb2 Kh1 67. Kh3 Rh8+ {Accuracy: White = 47%, Black = 73%.} 0-1

[Event "6th Vardaris Open 2020"]
[Site "Thessaloniki"]
[Date "2020.03.01"]
[Round "6.9"]
[White "Gu, Tianlu"]
[Black "Makris, Spyridon-Dionysios"]
[Result "1-0"]
[WhiteElo "2253"]
[BlackElo "1959"]
[Annotator "TA"]
[PlyCount "115"]
[EventDate "2020.02.27"]
[EventType "swiss"]
[EventCountry "GRE"]
[SourceTitle "playchess.com"]
[Source "ChessBase"]
[SourceQuality "1"]

{[%evp 13,115,35,28,25,33,33,37,25,37,26,49,12,25,3,19,-22,-22,-22,-22,-22,-20,-31,-36,-52,-34,-47,-45,-59,-47,-109,0,-43,0,-112,0,-48,0,-74,-28,-52,-58,-42,45,-77,-20,-20,-26,-31,42,40,38,43,42,42,28,17,17,17,30,17,15,8,29,15,16,16,18,18,18,0,0,0,0,0,1,11,11,0,29,16,91,91,91,88,109,29,372,384,377,372,422,438,433,400,387,372,408,400,427,425,406,407,404,395]} 1. e4 e5 2. Nf3 Nc6 3. Bc4 Nf6 4. d3 Be7 5. O-O O-O 6. Re1 d6 7. a4 Na5 8. Ba2 {C55: Two Knights: 4 d3, 4 d4 exd4 5 e5 and Max Lange Attack.} c5 9. c3 Nc6 10. Nbd2 {[%cal Bb1d2,Bd2f1,Bf1g3][%mdl 32] White is slightly better.} Re8 11. Nf1 h6 12. Ng3 Bf8 13. h3 Be6 14. Bb1 d5 15. exd5 Bxd5 {[#]} 16. Bc2 $146 ({Predecessor:} 16. Be3 Qd7 17. Nd2 Rad8 18. a5 Be6 19. Qc2 Nd5 20. Bxc5 Bxc5 21. d4 Nf6 22. Nde4 Nxe4 23. Nxe4 {0-1 (42) Rodriguez Vila,A (2500)-Slipak,S (2448) Mar del Plata 2001}) 16... Qc7 17. Bd2 Rad8 18. Qe2 a6 19. Nh4 g6 20. a5 Be6 21. Qf3 ({White should play} 21. Nf3 $15) 21... Bd5 (21... Nd5 $17 22. Qe4 Nf4) 22. Qd1 ({Not} 22. Qxf6 $2 Bg7 $19) 22... Be6 (22... Bg7 $15) 23. Qf3 $17 {next Nxg6 is good for White.} Bd5 ({Black should try} 23... Nd5 $17 24. Ne4 f5) 24. Qe2 $15 ({Avoid the trap} 24. Qxf6 $2 Bg7 $19) 24... Be6 25. Ba4 (25. Qf3 $11 {remains equal.}) 25... Bd7 26. Qf3 {[#] Hoping for Nxg6.} Qd6 27. Be3 Kg7 (27... Qe7 $15) 28. Red1 (28. Ne4 $14 Nxe4 29. dxe4) 28... Be7 (28... Qe7 $17) 29. Ne4 $11 Nxe4 30. dxe4 Qf6 (30... Nd4 $1 $15 31. cxd4 Bxa4 32. Rxa4 cxd4 33. Nxg6 fxg6) 31. Qxf6+ $14 Kxf6 32. Nf3 $36 {[%mdl 2048] White has good play.} ({Wrong is} 32. Bxh6 $2 Rh8 $19) 32... g5 33. h4 {[%cal Rh4g5]} Rg8 34. Rd5 g4 35. Nd2 Be6 36. Rxd8 Rxd8 37. g3 Nxa5 38. Bxh6 Kg6 39. Be3 Nc4 40. Nxc4 Bxc4 41. Bc2 Be2 42. Re1 Bf3 43. Kf1 a5 44. Ra1 b6 45. Ke1 Kh5 46. Bb3 {[%cal Rb3f7]} Bxe4 (46... Rf8 $11) 47. Bxf7+ $16 Bg6 48. Bb3 Be8 49. Ra4 (49. Rd1 $16) 49... Bd6 $2 {[%mdl 8192] Black cannot hold the game after this.} (49... Bxh4 $1 $11 50. gxh4 Bxa4 51. Bxa4 Kxh4) 50. Be6 $18 Be7 51. Rxg4 {Threatening mate with Rg8.} Bg6 {[#] intending ...Rd6.} 52. Rg5+ $1 {[%mdl 512]} Kh6 (52... Bxg5 53. Bxg5) 53. Rxe5+ Kg7 54. Bb3 Bd6 55. Rd5 Bf7 56. Rg5+ Kf6 57. Bxf7 Kxf7 58. h5 {Accuracy: White = 80%, Black = 64%.} 1-0

[Event "6th Vardaris Open 2020"]
[Site "Thessaloniki"]
[Date "2020.03.01"]
[Round "6.10"]
[White "Bullen, Alex"]
[Black "Ladopoulos, Dimitrios"]
[Result "1/2-1/2"]
[WhiteElo "2085"]
[BlackElo "2253"]
[Annotator "TA"]
[PlyCount "73"]
[EventDate "2020.02.27"]
[EventType "swiss"]
[EventCountry "GRE"]
[SourceTitle "playchess.com"]
[Source "ChessBase"]
[SourceQuality "1"]

{[%evp 9,73,37,58,17,54,52,53,55,72,73,137,129,133,124,179,47,48,37,54,41,44,43,43,40,49,36,63,48,54,60,85,91,89,87,75,84,120,128,125,89,87,97,94,20,20,20,20,30,35,11,59,51,61,68,70,16,17,8,52,17,52,52,52,52,54,0]} 1. d4 d6 2. Nf3 Nf6 3. Nc3 c6 4. a4 Bg4 5. e4 Nbd7 {[%cal Bb8d7,Bd7b6,Bb6c4][%mdl 32]} 6. Bc4 {[#] B07: Pirc Defence: Miscellaneous Systems.} d5 $146 ({Predecessor:} 6... e5 7. Be3 Qa5 8. O-O exd4 9. Bxd4 Qh5 10. Be2 Ne5 11. Nxe5 dxe5 12. Bxg4 Nxg4 13. Bxe5 {1-0 (43) Gomez Sanjuan,H (2236)-Toquero Gracia,P (2080) Salobrena 2019}) 7. exd5 Nb6 8. Be2 Bxf3 9. Bxf3 ({But not} 9. gxf3 Nbxd5 10. Nxd5 Nxd5 $11) 9... cxd5 (9... Nbxd5 $142 10. a5 e6) 10. a5 $16 Nc4 11. Qe2 {Threatens to win with Nxd5!} Rc8 {[#]} (11... Nxa5 $16 {was called for.} 12. Bg5 Nc6) 12. b3 ({White should try} 12. Bg5 $1 $18) 12... Nxa5 $14 13. Nxd5 {[%mdl 64] Decoy} Nxd5 14. Qb5+ {[%mdl 64] Double Attack} Nc6 {Strongly threatening ...e6.} 15. Bxd5 {aiming for Rxa7.} Qd7 16. O-O {And now Rxa7 would win.} a6 $1 {[%cal Ra6b5]} 17. Bxc6 axb5 18. Bxd7+ Kxd7 19. Ra7 Kc6 20. d5+ Kxd5 21. Rxb7 Kc6 22. Ra7 e5 23. Rxf7 Kd5 24. Rd7+ Ke6 25. Rb7 Rxc2 26. Rxb5 (26. Rb8 $16) 26... Bc5 $1 $11 27. Be3 Bxe3 28. fxe3 {[%mdl 4096] Endgame KRR-KRR} Ra8 29. e4 g6 30. Rb6+ Kd7 31. Rb7+ Ke8 32. Rxh7 (32. Rb5 $14) 32... Raa2 33. g3 Rg2+ 34. Kh1 Rge2 35. Rc1 {[%cal Rc1c8] [#]White is slightly better.} Kd8 36. Rd1+ Ke8 37. Rc1 {Accuracy: White = 67%, Black = 70%.} (37. b4 $14) 1/2-1/2

[Event "6th Vardaris Open 2020"]
[Site "Thessaloniki"]
[Date "2020.03.01"]
[Round "6.11"]
[White "Georgakopoulos, Nikolaos"]
[Black "Samaridis, Konstantinos"]
[Result "1-0"]
[WhiteElo "2367"]
[BlackElo "2104"]
[Annotator "TA"]
[PlyCount "55"]
[EventDate "2020.02.27"]
[EventType "swiss"]
[EventCountry "GRE"]
[SourceTitle "playchess.com"]
[Source "ChessBase"]
[SourceQuality "1"]

{[%evp 9,55,0,-3,-20,-16,-23,-4,-8,-14,-14,13,14,33,24,29,2,18,9,16,18,25,20,28,21,24,16,23,17,33,35,54,35,44,52,90,63,97,76,535,521,586,589,558,577,554,554,820,802]} 1. Nf3 Nf6 2. c4 e6 3. Nc3 d5 4. e3 b6 5. cxd5 exd5 6. Bb5+ {A17: English Opening: 1...Nf6 with ...Bb4.} c6 7. Be2 {[#]} Be7 $146 ({Predecessor:} 7... Bd6 8. O-O O-O 9. b3 Bb7 10. Bb2 Nbd7 11. Rc1 Re8 12. Re1 Rc8 13. Bf1 Qe7 {1-0 (69) Dubov,D (2696)-Wei,Y (2734) Liaocheng 2018}) 8. O-O {The position is equal.} O-O 9. b3 Ne4 10. Bb2 Bf6 11. Rc1 Bb7 12. d3 (12. d4 {is interesting.} Nxc3 13. Bxc3 Nd7 14. Bd3 c5 15. Ne5) 12... Nxc3 13. Bxc3 Bxc3 14. Rxc3 Qf6 15. d4 Nd7 16. Qd2 Qd6 17. Qb2 a5 18. Rfc1 f5 19. g3 h6 20. Ne1 g5 21. Nd3 Qg6 22. Bf1 Rf6 23. Bg2 Ba6 $2 {[%mdl 8192]} (23... b5 $16 {is a better chance.}) 24. Ne5 $18 {White is clearly winning.} Nxe5 25. dxe5 Re6 {[#]} 26. Rxc6 $1 {[%mdl 512]} Rd8 (26... Rxc6 27. Bxd5+) 27. Rc7 g4 28. Qd4 {Black did not feel at home in the position after the opening. Accuracy: White = 87%, Black = 60%.} 1-0